Frank lloyd wright complete works. (Record no. 352599)

000 -LEADER
fixed length control field 01979 a2200301 4500
003 - CONTROL NUMBER IDENTIFIER
control field OSt
005 - DATE AND TIME OF LATEST TRANSACTION
control field 20180116192339.0
008 - FIXED-LENGTH DATA ELEMENTS--GENERAL INFORMATION
fixed length control field 120621t 2009xxu||||| |||| 00| 0 eng d
020 ## - INTERNATIONAL STANDARD BOOK NUMBER
International Standard Book Number 382285770X (hardcover)
020 ## - INTERNATIONAL STANDARD BOOK NUMBER
International Standard Book Number 9783822857700 (hardcover)
028 42 - PUBLISHER NUMBER
Publisher number 0413829083268
Source Taschen
040 ## - CATALOGING SOURCE
Transcribing agency 0
082 04 - DEWEY DECIMAL CLASSIFICATION NUMBER
Classification number 720.92
100 1# - MAIN ENTRY--PERSONAL NAME
Personal name Pfeiffer, Bruce Brooks.
9 (RLIN) 4802
245 10 - TITLE STATEMENT
Title Frank lloyd wright complete works.
Number of part/section of a work Vol. 3 :
Remainder of title 1943-1959 /
Statement of responsibility, etc. Bruce Brooks Pfeiffer, Peter Gossel.
260 ## - PUBLICATION, DISTRIBUTION, ETC.
Place of publication, distribution, etc. Hong Kong :
Name of publisher, distributor, etc. Taschen,
Date of publication, distribution, etc. 2009.
300 ## - PHYSICAL DESCRIPTION
Extent 596 p. ;
Other physical details ill.;
Dimensions 48 cm.
490 1# - SERIES STATEMENT
Series statement V. 3.
520 ## - SUMMARY, ETC.
Summary, etc. The definitive publication on America's greatest architect. The three-volume monograph features all of Wright's designs (numbering approximately 1100), both realized and unrealized. Made in cooperation with the Frank Lloyd Wright Archives in Taliesin, Arizona, this collection leaves no stone unturned in examining and paying tribute to Wrights life and work. Author and preeminent Wright expert Bruce Brooks Pfeiffer highlights the latest research and gives fresh insight into the work. Volume 3 starts after World War II, when Wrights organic living architecture introduced ideas for the use of solar energy and curved open spaces. In addition to the Guggenheim museum, the postwar era also saw extraordinary projects such as Wrights plans for a new Baghdad, his only realized high-rise tower in Bartlesville, Oklahoma, the crystal figure of the Beth Sholom Synagogue in Elkins Park, Pennsylvania, and an endless row of houses that reached new complexity by floor plans based on hexagons.
600 ## - SUBJECT ADDED ENTRY--PERSONAL NAME
Personal name Wright, Frank Lloyd
Dates associated with a name 1867-1959
9 (RLIN) 4803
650 0# - SUBJECT ADDED ENTRY--TOPICAL TERM
Topical term or geographic name entry element Architecture
Geographic subdivision United States
9 (RLIN) 4804
650 0# - SUBJECT ADDED ENTRY--TOPICAL TERM
Topical term or geographic name entry element Architects
9 (RLIN) 4805
650 0# - SUBJECT ADDED ENTRY--TOPICAL TERM
Topical term or geographic name entry element Architecture, American
9 (RLIN) 4806
700 1# - ADDED ENTRY--PERSONAL NAME
Personal name Gossel, Peter.
9 (RLIN) 4807
830 #0 - SERIES ADDED ENTRY--UNIFORM TITLE
Uniform title V. 3.
9 (RLIN) 4808
856 40 - ELECTRONIC LOCATION AND ACCESS
Materials specified Amazon.com
Uniform Resource Identifier <a href="http://www.amazon.com/exec/obidos/ASIN/382285770X/chopaconline-20">http://www.amazon.com/exec/obidos/ASIN/382285770X/chopaconline-20</a>
942 ## - ADDED ENTRY ELEMENTS (KOHA)
Institution code [OBSOLETE] SADA
Koha item type Reference
Call number prefix REF 720.92 PFE 2009
Source of classification or shelving scheme
Holdings
Withdrawn status Lost status Source of classification or shelving scheme Materials specified (bound volume or other part) Damaged status Not for loan Permanent Location Current Location Date acquired Source of acquisition Full call number Barcode Date last seen Cost, replacement price Price effective from Koha item type
      Vol .3     School of Art Design and Architecture (SADA) School of Art Design and Architecture (SADA) 02/22/2011 Donation REF 720.92 PFE 2009 SADAD0000017 08/05/2011 20414.00 08/05/2011 Book
© 2023 Central Library, National University of Sciences and Technology. All Rights Reserved.